Hollywood v. hard core : how the struggle over censorship saved the modern film industry /

Bibliographic Details
Main Author: Lewis, Jon, 1955-
Format: Book
Language:English
Published: New York : New York University Press, [2000]
Subjects:

MARC

Tag First Indicator Second Indicator Subfields
LEADER 00000cam a2200000 a 4500
001 in00001589821
005 20151022161500.0
008 000803s2000 nyua b 001 0 eng
010 |a  00010741  
020 |a 0814751423 (acid-free paper) 
035 |a (OCoLC)ocm44750611 
040 |a DLC  |c DLC  |d TXA  |d UtOrBLW 
043 |a n-us--- 
049 |a TXAM 
050 0 0 |a PN1995.62  |b .L47 2000 
082 0 0 |a 363.3/1/0973  |2 21 
100 1 |a Lewis, Jon,  |d 1955- 
245 1 0 |a Hollywood v. hard core :  |b how the struggle over censorship saved the modern film industry /  |c Jon Lewis. 
246 3 |a Hollywood versus hard core 
264 1 |a New York :  |b New York University Press,  |c [2000] 
264 4 |c ©2000 
300 |a xi, 377 pages :  |b illustrations ;  |c 24 cm. 
336 |a text  |b txt  |2 rdacontent 
337 |a unmediated  |b n  |2 rdamedia 
338 |a volume  |b nc  |2 rdacarrier 
504 |a Includes bibliographical references (pages 317-359) and index. 
505 0 |a How the blacklist saved Hollywood -- Collusion and conglomeration in the movie business -- What everyone should know about the motion picture code and ratings -- Hollywood v. soft-core -- Hollywood v. hard core -- Movies and the First Amendment -- A quick look at censorship in the new Hollywood. 
650 0 |a Motion pictures  |x Censorship  |z United States  |x History. 
948 |a cataloged  |b h  |c 2001/2/6  |d c  |e mphillip  |f 8:54:23 am 
994 |a E0  |b TXA 
999 |a MARS 
999 f f |s 9187366c-4701-3f0e-afa5-d3b5920f31c4  |i 79f045ff-26e4-35eb-b7a9-0a32b584e392  |t 0 
952 f f |p normal  |a Texas A&M University  |b College Station  |c Sterling C. Evans Library  |d Evans: Library Stacks  |t 0  |e PN1995.62 .L47 2000  |h Library of Congress classification  |i unmediated -- volume  |m A14827152362 
998 f f |a PN1995.62 .L47 2000  |t 0  |l Evans: Library Stacks